000 00931cam a2200289 4500
001 30944
005 20230404125956.0
008 740122r1974 nyu b 000 0 eng
035 _a4089023
035 _9(DLC) 73090073
010 _a 73090073
020 _a0853453241
_a085345325X (pbk.)
040 _aDLC
_cDLC
_dDLC
043 _as-cl---
050 1 4 _a104 F 3100
_bR454 1974
082 0 0 _a320.9/83/064
245 1 0 _aRevolution and counter-revolution in Chile /
_cEdited by Paul M. Sweezy and Harry Magdoff.
260 _aNew York,
_bMonthly Review Press
_c1974.
300 _a169 p.
_c21 cm.
500 _aEssays selected from Monthly review.
504 _aIncludes bibliographical references.
651 0 _aChile
_xPolitics and government
_y1970-1973.
700 1 _aSweezy, Paul M.
_q(Paul Marlor),
_d1910-2004,
_ecomp.
700 1 _aMagdoff, Harry,
_ejoint comp.
730 _aMonthly review.
942 _2lcc
_cbk
999 _c8432
_d8432